50 Point Games NBA 2024-2025 - Statistics

General Stats
  • This quiz has been taken 106 times
  • The average score is 13 of 18
Answer Stats
Points Player % Correct
61 Nikola Jokic
95%
56 Nikola Jokic
95%
56 Stephen Curry
90%
52 Stephen Curry
90%
59 Giannis Antetokounmpo
89%
54 Shai Gilgeous-Alexander
86%
52 Shai Gilgeous-Alexander
86%
51 Shai Gilgeous-Alexander
86%
50 Shai Gilgeous-Alexander
86%
55 Jalen Brunson
83%
53 Anthony Edwards
76%
60 De'Aaron Fox
64%
50 James Harden
64%
50 Victor Wembanyama
64%
55 Jamal Murray
56%
50 Paolo Banchero
49%
50 LaMelo Ball
45%
50 CJ McCollum
25%
No matching quizzes found
Score Distribution
Percent of People with Each Score
Percentile by Number Answered
Your Score History
You have not taken this quiz